| 000 | 004455111a2200157 4500 | ||
|---|---|---|---|
| 005 | 20140412111300.0 | ||
| 008 | 140211s19uu xx 000 0 und d | ||
| 050 |
_aTR(PS E _bPa21 |
||
| 245 |
_aParts of the body : _b(mga bahagi ng katawan). |
||
| 260 |
_aMakati City, Philippines : _bSterling. |
||
| 300 | _a1 v. (unp.) ; ill. | ||
| 440 | _aPicture Book | ||
| 650 | _aHuman body, English | ||
| 650 | _aHumand body, Filipino | ||
| 999 |
_c103357 _d103357 |
||